000 00443nam a2200169Ia 4500
005 20250603144439.0
008 250603s9999 xx 000 0 und d
020 _a15471632
050 _aRC 55 .A37/
245 0 _aACP medicine : a publication of the American College of Physicians.
250 _a2004/2005 ed.-
260 _aNew York, -
260 _bN.Y. : WebMD,
260 _c2004
650 _aNew York, -
942 _cBK
999 _c38947
_d38947